[Event "Romanian Open 2021"]
[Site "Alba Iulia"]
[Date "2021.11.21"]
[Round "1.9"]
[White "Petre, Nad-Titus"]
[Black "Arion, Ilie"]
[Result "1-0"]
[WhiteElo "2319"]
[BlackElo "1758"]
[Annotator "NA"]
[PlyCount "83"]
[EventDate "2021.11.21"]
[EventType "swiss"]
[EventCountry "ROU"]
[SourceTitle "playchess.com"]
[Source "ChessBase"]
[SourceQuality "1"]
[TimeControl "5400+30"]

1. Nf3 {[%emt 0:00:15]} Nf6 {[%emt 0:00:41]} 2. g3 {[%emt 0:00:07]} d5 {[%emt 0:00:22]} 3. Bg2 {[%emt 0:00:59]} Bf5 {[%emt 0:00:39]} 4. O-O {[%emt 0:05:23]} e6 {[%emt 0:04:08]} 5. d3 {[%emt 0:00:42]} Be7 {[%emt 0:00:51]} 6. Nbd2 {[%emt 0:04:03]} O-O {[%emt 0:03:16]} 7. Qe1 {[%emt 0:00:25]} h6 {[%emt 0:00:53]} 8. e4 {[%emt 0:00:06]} Bh7 {[%emt 0:01:10]} 9. Qe2 {[%emt 0:07:40]} c5 {[%emt 0:07:42]} 10. Ne5 {[%emt 0:07:44]} dxe4 {[%emt 0:07:10]} 11. dxe4 {[%emt 0:03:38]} Qc7 {[%emt 0:02:24]} 12. Nec4 {[%emt 0:06:40]} Nc6 {[%emt 0:08:20]} 13. a4 {[%emt 0:02:51]} Nd4 {[%emt 0:02:56]} 14. Qd1 {[%emt 0:00:42]} Rad8 {[%emt 0:01:18]} 15. Re1 {[%emt 0:11:16]} Rfe8 {[%emt 0:03:21]} 16. c3 {[%emt 0:12:10]} Nc6 {[%emt 0:00:29]} 17. a5 {[%emt 0:00:53]} Ne5 {[%emt 0:01:53]} 18. Nxe5 {[%emt 0:00:15]} Qxe5 {[%emt 0:00:15]} 19. Qa4 {[%emt 0:03:15]} Qc7 {[%emt 0:03:41]} 20. Nc4 {[%emt 0:01:27]} Qc8 {[%emt 0:13:23]} 21. Bf4 {[%emt 0:00:53]} Bf8 {[%emt 0:02:25]} 22. Qb5 {[%emt 0:03:30]} Be7 {[%emt 0:03:12]} 23. h3 {[%emt 0:03:52]} Nh5 {[%emt 0:01:49]} 24. Be3 {[%emt 0:01:04]} Nf6 {[%emt 0:00:34]} 25. f3 {[%emt 0:01:03]} Qd7 {[%emt 0:02:22]} 26. Qb3 {[%emt 0:01:17]} Qc6 {[%emt 0:00:47]} 27. Bf2 {[%emt 0:01:52]} Bf8 {[%emt 0:02:16]} 28. Bf1 {[%emt 0:01:29]} Qc7 {[%emt 0:02:32]} 29. Qa4 {[%emt 0:02:56]} Qd7 {[%emt 0:00:32]} 30. Qxd7 {[%emt 0:03:18]} Rxd7 {[%emt 0:01:01]} 31. a6 {[%emt 0:01:04]} b6 {[%emt 0:01:50]} 32. g4 {[%emt 0:01:27]} Rc8 {[%emt 0:01:19]} 33. Red1 {[%emt 0:01:34]} Rxd1 {[%emt 0:01:17]} 34. Rxd1 {[%emt 0:00:07]} g5 {[%emt 0:04:05]} 35. Na3 {[%emt 0:01:25]} Be7 {[%emt 0:02:55]} 36. Nb5 {[%emt 0:00:15]} Ra8 {[%emt 0:00:33]} 37. Bg3 {[%emt 0:01:42]} Kf8 {[%emt 0:00:56]} 38. Be5 {[%emt 0:01:28]} Ne8 {[%emt 0:01:19]} 39. Rd7 {[%emt 0:01:29]} f6 {[%emt 0:00:14]} 40. Rxa7 {[%emt 0:02:12]} Rxa7 {[%emt 0:00:15]} 41. Nxa7 {[%emt 0:00:02]} fxe5 {[%emt 0:00:15]} 42. Nb5 {[%emt 0:00:12]} 1-0

[Event "Romanian Open 2021"]
[Site "Alba Iulia"]
[Date "2021.11.21"]
[Round "1.10"]
[White "Tudor, Henry Edward"]
[Black "Gheorghiu, Calin"]
[Result "0-1"]
[WhiteElo "1753"]
[BlackElo "2294"]
[Annotator "NA"]
[PlyCount "106"]
[EventDate "2021.11.21"]
[EventType "swiss"]
[EventCountry "ROU"]
[SourceTitle "playchess.com"]
[Source "ChessBase"]
[SourceQuality "1"]
[TimeControl "5400+30"]

1. d4 {[%emt 0:00:02]} Nf6 {[%emt 0:01:00]} 2. c4 {[%emt 0:00:13]} e6 {[%emt 0:01:48]} 3. Nc3 {[%emt 0:00:13]} Bb4 {[%emt 0:00:36]} 4. Qc2 {[%emt 0:00:30]} d5 {[%emt 0:01:35]} 5. Bg5 {[%emt 0:04:53]} h6 {[%emt 0:01:21]} 6. Bxf6 {[%emt 0:02:48]} Qxf6 {[%emt 0:00:05]} 7. e3 {[%emt 0:00:08]} c5 {[%emt 0:02:59]} 8. cxd5 {[%emt 0:07:11]} exd5 {[%emt 0:02:29]} 9. a3 {[%emt 0:03:29]} Bxc3+ {[%emt 0:09:25]} 10. Qxc3 {[%emt 0:01:07]} Nd7 {[%emt 0:05:10]} 11. Nf3 {[%emt 0:08:52]} O-O {[%emt 0:03:32]} 12. Be2 {[%emt 0:03:18]} b6 {[%emt 0:03:56]} 13. O-O {[%emt 0:00:55]} Bb7 {[%emt 0:00:28]} 14. Rac1 {[%emt 0:02:47]} c4 {[%emt 0:03:34]} 15. h3 {[%emt 0:05:51]} b5 {[%emt 0:00:40]} 16. Ne5 {[%emt 0:01:47]} Nxe5 {[%emt 0:12:25]} 17. dxe5 {[%emt 0:00:08]} Qe7 {[%emt 0:00:35]} 18. Bg4 {[%emt 0:03:25]} a5 {[%emt 0:08:44]} 19. f4 {[%emt 0:03:43]} f6 {[%emt 0:07:24]} 20. Qd4 {[%emt 0:06:00]} Kh8 {[%emt 0:08:47]} 21. Rf3 {[%emt 0:02:51]} b4 {[%emt 0:03:07]} 22. axb4 {[%emt 0:05:23]} axb4 {[%emt 0:00:58]} 23. Rg3 {[%emt 0:01:46]} fxe5 {[%emt 0:03:17]} 24. fxe5 {[%emt 0:00:53]} Rae8 {[%emt 0:04:03]} 25. e6 {[%emt 0:03:26]} Qf6 {[%emt 0:01:58]} 26. Rf3 {[%emt 0:01:53]} Qxd4 {[%emt 0:03:47]} 27. exd4 {[%emt 0:01:31]} Rxf3 {[%emt 0:00:16]} 28. gxf3 {[%emt 0:00:16]} h5 {[%emt 0:00:37]} 29. Bxh5 {[%emt 0:09:33]} Rxe6 {[%emt 0:00:01]} 30. Kf2 {[%emt 0:00:09]} g6 {[%emt 0:03:38]} 31. Bg4 {[%emt 0:00:09]} Ra6 {[%emt 0:02:00]} 32. Re1 {[%emt 0:01:26]} Bc6 {[%emt 0:02:15]} 33. Re6 {[%emt 0:00:36]} Kg7 {[%emt 0:00:25]} 34. Ke3 {[%emt 0:01:44]} c3 {[%emt 0:00:24]} 35. bxc3 {[%emt 0:05:34]} b3 {[%emt 0:00:06]} 36. Kd2 {[%emt 0:05:26]} Ra2+ {[%emt 0:00:18]} 37. Kc1 {[%emt 0:00:22]} Bb5 {[%emt 0:00:38]} 38. Re3 {[%emt 0:01:32]} Rc2+ {[%emt 0:00:56]} 39. Kb1 {[%emt 0:01:02]} Rd2 {[%emt 0:00:09]} 40. f4 {[%emt 0:02:24]} b2 {[%emt 0:01:31]} 41. Rg3 {[%emt 0:01:00]} Kf6 {[%emt 0:01:06]} 42. Re3 {[%emt 0:00:50]} Bd3+ {[%emt 0:01:54]} 43. Rxd3 {[%emt 0:00:03]} Rxd3 {[%emt 0:00:03]} 44. Kxb2 {[%emt 0:00:12]} Ke7 {[%emt 0:00:15]} 45. Kc2 {[%emt 0:02:03]} Rg3 {[%emt 0:00:12]} 46. Kd2 {[%emt 0:01:05]} Kf6 {[%emt 0:00:14]} 47. Kc2 {[%emt 0:00:11]} Rg2+ {[%emt 0:01:11]} 48. Kd3 {[%emt 0:00:50]} Ke7 {[%emt 0:00:15]} 49. Ke3 {[%emt 0:01:20]} Kd6 {[%emt 0:00:18]} 50. Kd3 {[%emt 0:00:36]} Kc6 {[%emt 0:00:14]} 51. Ke3 {[%emt 0:00:46]} Rg3+ {[%emt 0:00:30]} 52. Kd2 {[%emt 0:01:03]} Kb5 {[%emt 0:00:20]} 53. Be2+ {[%emt 0:01:06]} Ka4 {[%emt 0:00:04]} 0-1